| 000 -LEADER |
| fixed length control field |
00644cmm a22002417a 4500 |
| 001 - CONTROL NUMBER |
| control field |
13561677 |
| 005 - DATE AND TIME OF LATEST TRANSACTION |
| control field |
20180313045400.0 |
| 007 - PHYSICAL DESCRIPTION FIXED FIELD--GENERAL INFORMATION |
| fixed length control field |
co ||||||||||| |
| 008 - FIXED-LENGTH DATA ELEMENTS--GENERAL INFORMATION |
| fixed length control field |
040416s2003 txu m eng |
| 010 ## - LIBRARY OF CONGRESS CONTROL NUMBER |
| LC control number |
2004565665 |
| 020 ## - INTERNATIONAL STANDARD BOOK NUMBER |
| International Standard Book Number |
0030556120 |
| 040 ## - CATALOGING SOURCE |
| Original cataloging agency |
DLC |
| Transcribing agency |
DLC |
| Modifying agency |
DLC |
| 041 ## - LANGUAGE CODE |
| Language code of text/sound track or separate title |
eng |
| 080 ## - UNIVERSAL DECIMAL CLASSIFICATION NUMBER |
| Universal Decimal Classification number |
574 |
| 082 ## - DEWEY DECIMAL CLASSIFICATION NUMBER |
| Edition number |
574 HOL |
| 100 ## - Rafti |
| Rafti |
9 |
| 101 ## - Shkurtesa |
| Shkurtesa |
MJE |
| 245 00 - TITLE STATEMENT |
| Title |
Holt physical science |
| 246 30 - VARYING FORM OF TITLE |
| Title proper/short title |
Physical science |
| 906 ## - LOCAL DATA ELEMENT F, LDF (RLIN) |
| a |
7 |
| b |
cbc |
| c |
orignew |
| d |
4 |
| e |
ncip |
| f |
20 |
| g |
y-gencompf |
| 942 ## - ADDED ENTRY ELEMENTS (KOHA) |
| Source of classification or shelving scheme |
|
| Item type |
Books |